000 01069nam a2200289 i 4500
001 99859
003 ES-MaACL
005 20230906182551.0
007 t|
008 050919s1979 sp ||||1| spa d
020 _a84-7405-122-3
080 _a347.72(463.01)(04)
100 1 _aMartínez Gijón, José.
_978117
245 1 3 _aLa compañía mercantil en Castilla hasta las ordenanzas del Consulado de Bilbao de 1737 :
_blegislación y doctrina /
_cJosé Martínez Gijón.
260 _aSevilla :
_bUniversidad de Sevilla,
_c1979.
300 _a278 p. ;
_c21 cm.
490 1 _aAnales de la Universidad Hispalense
490 1 _aPublicaciones de la Universidad de Sevilla. Derecho ;
_v37
610 2 4 _aConsulado de Bilbao.
_9173763
650 4 _aSociedades-
_zCastilla (Reino)
_9173762
710 2 _aUniversidad de Sevilla.
_97301
830 1 _aAnales de la Universidad Hispalense
_9187329
830 1 _aPublicaciones de la Universidad de Sevilla. Derecho ;
_v37
_9232415
852 4 _aES-MaACL
_jL-208
852 4 _aES-MaACL
_jA-10162
999 _c99859
_d99859